| 000 | 00695cab a2200241 4500 | ||
|---|---|---|---|
| 001 | WB3346-35 | ||
| 008 | 090401t1997 xxu||||| |||| 00| 0 eng d | ||
| 035 | _a(Sirsi) u82404 | ||
| 041 | _aeng | ||
| 245 | _aSetting price on record | ||
| 260 | _c1997 | ||
| 350 | _a0 | ||
| 490 |
_aFinancial Times _v28 November 1997, 16(1) |
||
| 520 | _aExamines the proposal by The Land Registry to restore the requirement to record the price paid for a property when it changes hands. | ||
| 650 | _aHM LAND REGISTRY | ||
| 650 | _aPRICE PAID | ||
| 650 | _aPROPERTY PRICES | ||
| 650 | _aPROPERTY RECORDS | ||
| 650 | _aPROPERTY TRANSACTIONS | ||
| 690 | _aLAND | ||
| 942 | _n0 | ||
| 948 | _c28/11/1997 | ||
| 999 |
_c52024 _d52024 |
||